00370nam a2200145Ia 4500008004100000020001800041041001200059082001100071100001600082245005600098260003600154300000900190650001200199700001300211221030s9999 xx 000 0 und d a93/5006/536/5 aEnglish a105.23 aS. L. Gupta 2aA Handbook of Electronicscby S. L. Gupta, V. Kumar bPragati PrakashanaMeerutc2012 a1352 aPhysics aV. Kumar